[Event "GER-chT U12"]
[Site "Magdeburg"]
[Date "2021.08.07"]
[Round "5.8"]
[White "Wandelt, Moritz"]
[Black "Hentschker, Merlin"]
[Result "0-1"]
[WhiteElo "1029"]
[BlackElo "1060"]
[PlyCount "68"]
[EventDate "2021.08.04"]
[EventType "team-swiss"]
[EventRounds "7"]
[EventCountry "GER"]
[SourceTitle "EXT 2022"]
[Source "ChessBase"]
[SourceDate "2021.10.06"]
[SourceVersion "1"]
[SourceVersionDate "2021.10.06"]
[SourceQuality "1"]
[WhiteTeam "Torgelow Droegeheide"]
[BlackTeam "Offenbach"]
[WhiteTeamCountry "GER"]
[BlackTeamCountry "GER"]

1. e4 e5 2. Nf3 Nc6 3. d4 exd4 4. Nxd4 Bc5 5. Be3 Qf6 6. c3 Nge7 7. Bc4 Ne5 8. Be2 Qg6 9. Nd2 Qxg2 10. Bf3 Qg6 11. Qe2 d6 12. 0-0-0 Nxf3 13. N4xf3 Bg4 14. Rhg1 Qe6 15. Rg3 g6 16. Bxc5 dxc5 17. Qb5+ Nc6 18. Qxb7 0-0 19. Rxg4 Rab8 20. Qxc7 Qxa2 21. Kc2 Qxb2+ 22. Kd3 c4+ 23. Nxc4 Rbd8+ 24. Nd6 Qb5+ 25. Kc2 Qa4+ 26. Kd3 Qxd1+ 27. Nd2 Ne5+ 28. Ke3 Nxg4+ 29. Kd3 Nxf2+ 30. Ke3 Qe1+ 31. Kf4 Qxd2+ 32. Kg3 Qxd6+ 33. Qxd6 Nxe4+ 34. Kf3 Nxd6 0-1

[Event "GER-chT U12"]
[Site "Magdeburg"]
[Date "2021.08.06"]
[Round "3.8"]
[White "Puchas, Tobias"]
[Black "Hentschker, Merlin"]
[Result "0-1"]
[WhiteElo "1011"]
[BlackElo "1060"]
[PlyCount "52"]
[EventDate "2021.08.04"]
[EventType "team-swiss"]
[EventRounds "7"]
[EventCountry "GER"]
[SourceTitle "EXT 2022"]
[Source "ChessBase"]
[SourceDate "2021.10.06"]
[SourceVersion "1"]
[SourceVersionDate "2021.10.06"]
[SourceQuality "1"]
[WhiteTeam "Vimbuch"]
[BlackTeam "Offenbach"]
[WhiteTeamCountry "GER"]
[BlackTeamCountry "GER"]

1. e4 e5 2. Nf3 Nc6 3. d4 exd4 4. Bc4 Nf6 5. e5 Ne4 6. Nxd4 d5 7. Bb5 Bc5 8. 0-0 0-0 9. Bxc6 bxc6 10. Nxc6 Qd7 11. Nd4 Bb6 12. Re1 c5 13. Nf3 Ba5 14. Bd2 Nxd2 15. Nfxd2 Re8 16. Nc3 d4 17. Nce4 Rxe5 18. b4 Bxb4 19. a3 Bc3 20. Nxc3 Rxe1+ 21. Qxe1 dxc3 22. Nc4 Ba6 23. Rd1 Re8 24. Ne3 Qe6 25. f4 h6 26. Nf1 Qxe1 0-1